000 00745nam a22002057a 4500
005 20251008094850.0
008 241008b |||||||| |||| 00| 0 eng d
020 _a9786214182381
082 _aDFil 338.4791 B167 2024
100 _aBajao, Grayfield T.
_939821
245 _aMicro perspectives of tourism and hospitality /
_cGrayfield T. Bajao, Rene D. Osorno, and Roel A. Monsanto.
260 _aQuezon City :
_bWiseman's Books Trading, Inc.,
_c©2024.
300 _aiii, 232 pages ;
_billustrations ;
_c25 cm.
500 _aIncludes references.
650 0 _aTourist trade
_963936
650 0 _aHospitality industry
_963937
700 _aOsorno, Rene D.
_939734
_eauthor.
700 _aMonsanto, Roel A.
_962514
_eauthor.
942 _2ddc
_cDFIL
999 _c22335
_d22335